00730nam a2200205 a 450000100100000000500170001000800410002702000150006804000250008308200240010810000220013224501560015425000160031026000420032630000430036850000410041165000190045265000270047165000260049800002415220200930022748.0110119s1976 sp ab r 000 0 spa d a8440096380 aDO-SdBNPbspacBNPHU a232.91bM332v, 19761 aMaría, Nectario10aVenezuela mariana, o sea, Relación compendiada de las imágenes más célebres de la Santísima Virgen en Venezuela /cNectario María (F.S.C.). a2a ed. aum. aMadrid, (España) :bVillena,c1976. a448 p. :bil., retrs., mapas ;c22 cm. aIncluye referencias bibliográficas 4aVirgen maría 4aTeología dogmática 4aVirgen maríaxCulto